• 首页
  • 本馆介绍
  • 公告通知
  • 最新文献
  • 馆藏检索
  • 电子资源
  • 读者导购
  • 参考咨询
  • 我的图书馆
  • 登录
  • 详细信息显示
  • 放入我的书架
  • 预约/预借图书
  • 作者相关作品
  • 分类相关作品
  • 丛书相关作品
  • 出版社相关作品

书目信息

  • 表格格式
  • 工作单格式
  • 卡片格式
题名:
药物合成原理与实例速成实例篇
    
 
作者: 闻永举 , 郭孟萍 , 申秀丽 编著
分册:  
出版信息: 北京   化学工业出版社  2018
页数: 242页
开本: 26cm
丛书名:
单 册:
中图分类: TQ460.31 , R914.5
科图分类:
主题词: 药物化学--yao wu hua xue--有机合成
电子资源:
ISBN: 978-7-122-29785-3
000 01044cam0 2200289 450
001 012001000077
005 20131104170549.0
010    @a978-7-122-29785-3@dCNY59.00
099    @aCAL 012018029659
100    @a20180328d2018 em y0chiy50 ea
101 0  @achi
102    @aCN@b110000
105    @aa a 000yy
106    @ar
200 1  @a药物合成原理与实例速成实例篇@Ayao wu he cheng yuan li yu shi li su cheng shi li pian@f闻永举, 郭孟萍, 申秀丽编著
210    @a北京@c化学工业出版社@d2018
215    @a242页@c图@d26cm
320    @a有书目
330    @a本书共十一章,内容包括中枢系统药物、外周神经药物、循环系统药物、消化系统药物、解热镇痛抗炎药物、抗肿瘤药物、抗生素类药物、化学治疗药物、降糖及利尿药物、激素类药物、 维生素类药物。
606 0  @a药物化学@Ayao wu hua xue@x有机合成
690    @aTQ460.31@v5
690    @aR914.5@v5
701  0 @a闻永举@AWen Yongju@4编著
701  0 @a郭孟萍@AGuo Mengping@4编著
701  0 @a申秀丽@AShen Xiuli@4编著
801  0 @aCN@b北京卓展文化@c20191020
905    @b1195272-5@dTQ460.31@e92@f4
    
    药物合成原理与实例速成实例篇/闻永举, 郭孟萍, 申秀丽编著.-北京:化学工业出版社,2018
    242页:图;26cm
    
    
    ISBN 978-7-122-29785-3:CNY59.00
    本书共十一章,内容包括中枢系统药物、外周神经药物、循环系统药物、消化系统药物、解热镇痛抗炎药物、抗肿瘤药物、抗生素类药物、化学治疗药物、降糖及利尿药物、激素类药物、 维生素类药物。
●
相关链接 在E读中查询图书 在五车中查询图书 在当当中查询图书 在豆瓣中查询图书


正题名:药物合成原理与实例速成实例篇     索取号:TQ460.31/92         预约/预借

序号 登录号 条形码 馆藏地/架位号 状态 备注
1 1195272   211952724   第二样本阅览室/ [索取号:TQ460.31/92] 在馆    
2 1195273   211952733   第三借阅区/ [索取号:TQ460.31/92] 在馆    
3 1195274   211952742   第三借阅区/ [索取号:TQ460.31/92] 在馆    
4 1195275   211952751   第三借阅区/ [索取号:TQ460.31/92] 在馆    
唐山师范学院图书馆 欢迎您!
大连网信软件有限公司© 版权所有